00507nam a2200181 a 4500001001300000003000900013005001700022008004100039020002400080082001900104100002500123245006500148260003700213300000900250500003500259505001000294650002100304nice12345678IN_TiNIC20260116014518.0100118s2009 newa grp 000 0 eng  a9788124604540c110000a203.50954bMAL aMalville, John Mckim aPilgrimageb Sacred Landscapes and Self-Organized Complexity aNew Delhi bDk Printworld c2009 a359p aincludes index and biblioraphy2 aIndex aPilgrimage-Hindu